000 00791nam a2200205Ia 4500
001 16667
003 GE_BSU
008 181216s||||||||xx |||||||||||||| ||und||
040 _cGE_BSU
080 _a94(47+57)"1941-1945"(=353.1) + 94(479.223)
245 _aმარადიული ხსოვნის წიგნი
245 _cსარედ. კოლ.: გ. მესხიძე (ხელმძღვ.) და სხვ.
260 _aბათუმი
260 _bაჭარა
260 _c1995
300 _a224 გვ. ; 20 სმ.
653 _aმარადიული ხსოვნის წიგნი
653 _aქართველები დიდ სამამულო ომში; აჭარის ისტორია
942 _cBK
999 _c49732
_d49732